=LDR 00000nam 2200000 4500 =001 INLIS000000000022034 =005 20130612120831 =008 ***********************************Ind** =035 ##$$0010-061300000022034 =041 ##$$a Ind =082 ##$$a 512.943 4 =090 ##$$a 512.943 4, Sup-p =100 ##$$a SUPRANTO, J =245 ##$$a Pengantar matrix, J. Supranto, M.A =260 ##$$a 1998 $b Jakarta =300 ##$$a vi, 291 hlm., ilus., 23 cm =650 ##$$a Matematika-matrix =850 ##$$a NBPNMAT